| 000 | 00980 a2200169 4500 | ||
|---|---|---|---|
| 003 | NUST | ||
| 005 | 20230525125610.0 | ||
| 020 | _a090589703X | ||
| 040 | _cNust | ||
| 082 | _a004.16,CUR | ||
| 245 |
_aMicrocomputers: _bthe mini-micro revolution / _cedited by Alan Simpson |
||
| 260 |
_aNew York _bInput two Nine _c1977 |
||
| 300 | _a90 p.: | ||
| 505 | _aState Of Art Appraisal (Page-11), Social Implications (Page-23), Small Systems – Large Scale Training (Page-29), The Implications Of Micros For Mainframe Development (Page-35), Tomorrow’s Worlds – Computer Rule OK (Page-39), The Industry View (Page-47), Microprocessors – The Future For Software (Page-51), The Microcomputer Comes Of Age (Page-57), Do It Yourself Computing (Page-65), Mini Computers – A Catalyst For Change (Page-69), Programs – Off The Shelf (Page-73), Meeting The Needs Of Marketplace (Page-79), The Compact Answer (Page-83). | ||
| 650 |
_aMicrocomputers _98096 |
||
| 942 |
_2ddc _cBK _k004.16,CUR |
||
| 999 |
_c193292 _d193292 |
||